000 00707nas a2200241 4500
001 BR9802219
003 BR-BrBNA
005 20231205100731.0
007 ta
008 230509b bl.|||p| |||| 00| 00por d
040 _aBR-BrBNA
_bpor
_cBiblioteca Nacional de Agricultura
041 _a(Pt)
072 _aH60
100 1 _aMarenco, R.A.
100 1 _aLopes, N.F.
245 1 _aAssimilate partitioning and phytotoxicity in soybean plants treated with herbicides
650 _aSoja
650 _aHerbicida
650 _aFitotoxicidade
773 0 _tPlanta Daninha (Brazil)
_xISSN 0100-8358
_g(1996), v. 14(1) p. 48-54
_wBR9802219
909 _a202311
_bLúcia
_c55
_dLúcia Elande
942 _2AGRIS
_n0
_cANA
999 _c157749
_d157749